City to Language - Statistics

General Stats
  • This quiz has been taken 36 times
  • The average score is 12 of 16
Answer Stats
City Language % Correct
Montreal French
97%
Sao Paulo Portuguese
97%
Casablanca Arabic
86%
The Hague Dutch
86%
Palermo Italian
86%
Busan Korean
83%
Nicosia Greek
79%
Isfahan Persian
79%
Valletta Maltese
76%
Hong Kong Cantonese
72%
Johannesburg Zulu
69%
Belmopan English
62%
Kolkata Bengal
59%
Mombasa Swahili
52%
Erbil Kurdish
38%
Hue Vietnamese
34%
No matching quizzes found
Score Distribution
Percent of People with Each Score
Percentile by Number Answered
Your Score History
You have not taken this quiz